[Event "FICGS class C 000254 email"]
[Site "FICGS email"]
[Date "2017.01.14"]
[Round "1"]
[White "Balosetti, Davide"]
[Black "Duttagupta, Aniruddha"]
[Result "0-1"]
[WhiteElo "2000"]
[BlackElo "1808"]
[PlyCount "26"]
[EventDate "2017.??.??"]
[EventType "tourn (corr)"]
[EventRounds "1"]
[SourceTitle "Corr 2022"]
[Source "ChessBase"]
[SourceDate "2021.10.24"]
[SourceVersion "1"]
[SourceVersionDate "2021.10.24"]
[SourceQuality "1"]

1. e4 c5 2. Nf3 d6 3. c3 Nf6 4. d3 e5 5. Be2 Be7 6. 0-0 Nc6 7. Be3 d5 8. exd5 Nxd5 9. Na3 Be6 10. Nc4 f6 11. a4 0-0 12. Qd2 Qe8 13. h3 Rd8 0-1

[Event "FICGS class C 000254 email"]
[Site "FICGS email"]
[Date "2017.01.14"]
[Round "1"]
[White "Cirulis, Ilmars"]
[Black "Balosetti, Davide"]
[Result "1-0"]
[WhiteElo "1923"]
[BlackElo "2000"]
[PlyCount "67"]
[EventDate "2017.??.??"]
[EventType "tourn (corr)"]
[EventRounds "1"]
[SourceTitle "Corr 2022"]
[Source "ChessBase"]
[SourceDate "2021.10.24"]
[SourceVersion "1"]
[SourceVersionDate "2021.10.24"]
[SourceQuality "1"]

1. b4 e5 2. a3 Nf6 3. Bb2 d6 4. e3 Be7 5. c4 0-0 6. Be2 c6 7. Nf3 Be6 8. 0-0 Nbd7 9. Qc2 Rc8 10. Ng5 h6 11. Nxe6 fxe6 12. d4 Qc7 13. dxe5 Nxe5 14. f4 Nf7 15. Qg6 Nh8 16. Qg3 d5 17. Nd2 Bd8 18. cxd5 exd5 19. Kh1 Be7 20. e4 Ne8 21. Bg4 Rd8 22. e5 c5 23. bxc5 Bxc5 24. Nb3 b6 25. Nd4 Bxd4 26. Bxd4 Nf7 27. Bf5 g5 28. fxg5 h5 29. g6 Nh6 30. Be6+ Kg7 31. Rxf8 Kxf8 32. Qg5 Ng8 33. Rf1+ Kg7 34. Rf7+ 1-0

[Event "FICGS W-ch st1 g02 email"]
[Site "FICGS email"]
[Date "2016.11.02"]
[Round "1"]
[White "Balosetti, Davide"]
[Black "Grammatica, Andrea"]
[Result "0-1"]
[WhiteElo "2000"]
[BlackElo "2147"]
[PlyCount "44"]
[EventDate "2016.??.??"]
[EventType "tourn (corr)"]
[EventRounds "8"]
[SourceTitle "Corr 2022"]
[Source "ChessBase"]
[SourceDate "2021.10.24"]
[SourceVersion "1"]
[SourceVersionDate "2021.10.24"]
[SourceQuality "1"]

1. e4 c5 2. Nf3 e6 3. d4 cxd4 4. Nxd4 Nc6 5. Nxc6 bxc6 6. c4 Nf6 7. Bd3 d5 8. e5 dxc4 9. exf6 cxd3 10. Qa4 Bb7 11. 0-0 gxf6 12. Be3 Rg8 13. Nd2 Qd5 14. f3 Bc5 15. Bxc5 Qxc5+ 16. Kh1 0-0-0 17. Rac1 Qe3 18. Ne4 d2 19. Rcd1 f5 20. Nc3 Rxg2 21. Kxg2 Rg8+ 22. Kh1 c5 0-1